| 000 | 00000nam##2200000za#4500 |
| 001 | 9.598294 |
| 003 | CaOODSP |
| 005 | 20210624204455 |
| 007 | cr ||||||||||| |
| 008 | 150406|2009||||xxc|||||o f|0| 0 fre|d |
| 020 | |a978-1-100-93349-8 |
| 022 | |a1925-0908 |
| 040 | |aCaOODSP|bfre |
| 043 | |an-cn--- |
| 086 | 1 |aH113-9/2009-17F-PDF |
| 110 | 1 |aCanada.|bSanté Canada. |bAgence de réglementation de la lutte antiparasitaire. |
| 245 | 10|aSouche MBI 600 de Bacillus subtilis et biofongicide liquide Integral |h[ressource électronique] |
| 260 | |aOttawa - Ontario : |bSanté Canada. |cLe 30 décembre 2009. |
| 300 | |a55p.|bréférences, tableaux |
| 490 | 1 |aProjet de décision d'homologation |x1925-0908|vPRD2009-17 |
| 590 | |a12-24-Supp|b2012-05-30 |
| 775 | 08|tBacillus subtilis strain MBI 600 Integral Liquid Biological Fungicide |w(CaOODSP)9.566852 |
| 776 | 0#|tSouche MBI 600 de Bacillus subtilis et biofongicide liquide Integral |w(CaOODSP)9.628400 |
| 830 | #0|aProjet de décision d'homologation,|x1925-0908|vPRD2009-17|w(CaOODSP)9.500882 |
| 856 | 40|ahttp://publications.gc.ca|qPDF|s208 Ko|uhttps://publications.gc.ca/collections/collection_2011/sc-hc/H113-9-2009-17-fra.pdf|yPRD2009-17 |
| 986 | |aSC Pub : 091205 |